Statistics for MLB Players With 30 Or More Home Runs in 2017

Click here to take the quiz!

General Stats

  • This quiz has been taken 46 times
  • The average score is 17 of 41

Answer Stats

Number of Home Runs and TeamPlayer% Correct
Yankees 52Aaron Judge
100%
Marlins 59Giancarlo Stanton
91%
Athletics 43Khris Davis
78%
Reds 36Joey Votto
75%
Rockies 37Nolan Arenado
75%
Dodgers 39Cody Bellinger
72%
Angels 33Mike Trout
72%
Diamondbacks 36Paul Goldschmidt
69%
Mariners 39Nelson Cruz
66%
Diamondbacks 45J. D. Martinez
63%
Rangers 41Joey Gallo
63%
Indians 38Edwin Encarnacion
59%
Blue Jays 33Josh Donaldson
56%
Cubs 32Anthony Rizzo
50%
Rockies 37Charlie Blackmon
47%
Indians 33Francisco Lindor
47%
White Sox 33Jose Abreu
47%
Royals 38Mike Moustakas
44%
Orioles 33Manny Machado
41%
Nationals 36Ryan Zimmerman
41%
Yankees 33Gary Sanchez
38%
Blue Jays 38Justin Smoak
38%
Angels 35Justin Upton
38%
Marlins 37Marcell Ozuna
38%
Astros 34George Springer
34%
Diamondbacks 30Jake Lamb
28%
Indians 36Jay Bruce
28%
Cubs 30Kyle Schwarber
25%
Rays 38Logan Morrison
25%
Brewers 31Travis Shaw
25%
Twins 33Brian Dozier
22%
Reds 31Adam Duvall
19%
Brewers 31Eric Thames
19%
Rangers 30Rougned Odor
13%
Orioles 32Jonathan Schoop
9%
Rockies 30Mark Reynolds
9%
Reds 30Scott Schebler
9%
Brewers 30Domingo Santana
6%
Rays 30Lucas Duda
3%
Rays 30Steven Souza Jr
3%
Padres 30Wil Myres
0%

Score Distribution

Percentile by Number Answered

Percent of People with Each Score

Your Score History

You have not taken this quiz